000
00328nam a2200133Ia 4500
008
210716s1994 xx 000 0 und d
020
_a
8170292913
041
_a
eng
082
_a
003.57 ERDD
100
_a
Erdos Dawn
245
_a
Teach yourself coreldraw.
260
_a
New Delhi
_b
BPB Publications
_c
1994
300
_a
XVI,350
999
_c
182758
_d
182758